Statistics for NBA Defensive Player Of The Year - Tile Select

Click here to take the quiz!

General Stats

  • This quiz has been taken 187 times
    (76 since last reset)
  • The average score is 37 of 48

Answer Stats

QuestionTileSelect% Correct
NBA Defensive Player Of The YearMike ConleyNo
96%
NBA Defensive Player Of The YearAl HorfordNo
95%
NBA Defensive Player Of The YearCaldwell JonesNo
95%
NBA Defensive Player Of The YearDave DeBusschereNo
95%
NBA Defensive Player Of The YearMookie BlaylockNo
95%
NBA Defensive Player Of The YearGiannis AntetokounmpoYes
92%
NBA Defensive Player Of The YearJoel EmbiidNo
92%
NBA Defensive Player Of The YearRudy GobertYes
92%
NBA Defensive Player Of The YearKarl MaloneNo
91%
NBA Defensive Player Of The YearJerry WestNo
89%
NBA Defensive Player Of The YearKevin McHaleNo
89%
NBA Defensive Player Of The YearKobe BryantNo
89%
NBA Defensive Player Of The YearBuck WilliamsNo
88%
NBA Defensive Player Of The YearDikembe MutomboYes
88%
NBA Defensive Player Of The YearDraymond GreenYes
86%
NBA Defensive Player Of The YearLeBron JamesNo
86%
NBA Defensive Player Of The YearNate ThurmondNo
86%
NBA Defensive Player Of The YearDennis JohnsonNo
85%
NBA Defensive Player Of The YearKevin GarnettYes
85%
NBA Defensive Player Of The YearTayshaun PrinceNo
85%
NBA Defensive Player Of The YearAnthony DavisNo
84%
NBA Defensive Player Of The YearJohn StocktonNo
84%
NBA Defensive Player Of The YearScottie PippenNo
84%
NBA Defensive Player Of The YearMichael JordanYes
82%
NBA Defensive Player Of The YearGary PaytonYes
81%
NBA Defensive Player Of The YearHakeem OlajuwonYes
81%
NBA Defensive Player Of The YearJaren Jackson Jr.Yes
80%
NBA Defensive Player Of The YearKawhi LeonardYes
80%
NBA Defensive Player Of The YearDwight HowardYes
78%
NBA Defensive Player Of The YearJoe DumarsNo
78%
NBA Defensive Player Of The YearShaquille O'NealNo
77%
NBA Defensive Player Of The YearJoakim NoahYes
74%
NBA Defensive Player Of The YearBen WallaceYes
73%
NBA Defensive Player Of The YearKareem Abdul JabbarNo
72%
NBA Defensive Player Of The YearTim DuncanNo
72%
NBA Defensive Player Of The YearMarcus SmartYes
70%
NBA Defensive Player Of The YearMarc GasolYes
69%
NBA Defensive Player Of The YearTyson ChandlerYes
65%
NBA Defensive Player Of The YearRon ArtestYes
64%
NBA Defensive Player Of The YearDavid RobinsonYes
62%
NBA Defensive Player Of The YearMarcus CambyYes
62%
NBA Defensive Player Of The YearMark EatonYes
61%
NBA Defensive Player Of The YearDennis RodmanYes
59%
NBA Defensive Player Of The YearAlonzo MourningYes
54%
NBA Defensive Player Of The YearBill RussellNo
53%
NBA Defensive Player Of The YearMichael CooperYes
47%
NBA Defensive Player Of The YearSidney MoncriefYes
41%
NBA Defensive Player Of The YearAlvin RobertsonYes
31%

Score Distribution

Percentile by Number Answered

Percent of People with Each Score

Your Score History

You have not taken this quiz since the last reset